Religiosos asuncionistas: 100 años al servicio de la Iglesia en Chile 1890-1990

Salvato in:
Dettagli Bibliografici
Autore principale: Aliaga Rojas, Fernando (Autore)
Natura: Libro
Lingua:spagnolo
Pubblicazione: Santiago Congregación Agustinos de la Asunción 1990
Soggetti:
Tags: Aggiungi Tag
Nessun Tag, puoi essere il primo ad aggiungerne!!

MARC

LEADER 00000nam a2200000 a 4500
001 UCV2202
003 CL-VaPUC
008 920123e19900000CL |||||||||||||||||spa|d
082 0 4 |a 271.04  |b ALI  |2 21 
100 0 |a Aliaga Rojas, Fernando  |e author  |9 296451 
245 1 0 |a Religiosos asuncionistas: 100 años al servicio de la Iglesia en Chile 1890-1990 
300 |a 247 p 
942 |c BK 
945 |d 19920123 00:00:00 
260 |a Santiago  |b Congregación Agustinos de la Asunción  |c 1990 
600 0 7 |a AGUSTINOS DE LA ASUNCION  |2 CL-VaPUC  |9 257497 
600 0 7 |a ASUNCIONISTAS  |2 CL-VaPUC  |9 257498 
650 0 |a Órdenes religiosas  |9 257499 
650 7 |a HISTORIA ECLESIASTICA  |2 CL-VaPUC  |9 296452 
651 7 |a CHILE  |2 CL-VaPUC  |9 296453 
583 |a last modification  |c 20170922 01:13:44  |k Rodrigo Vera 
999 |c 209864  |d 209862 
952 |0 0  |1 0  |4 0  |6 271_040000000000000_ALI_1990  |7 0  |8 DER_HDC  |9 185691  |a BIBDER  |b BIBDER  |d 2019-11-14  |i 2531380  |l 1  |o 271.04 ALI 1990  |p 2531380  |r 2023-01-25  |s 2020-03-16  |w 2019-11-14  |x Ubicación 4to Piso  |y BK  |z Estos recursos deben solicitarse con anticipación  |k DER 
952 |0 0  |1 0  |4 0  |6 271_040000000000000_ALI_1990  |7 0  |8 A  |9 185692  |a BIBTEO  |b BIBTEO  |d 2019-11-14  |i 286651K  |o 271.04 ALI 1990  |p 286651K  |r 2025-01-17  |w 2019-11-14  |y BK  |k ICR